[Event "4NCL/Div3/E2E43 vs. CAMB2"]
[Site "Hinckley Island ENG"]
[Date "2010.01.16"]
[Round "3.4"]
[White "Robertson, J Stuart"]
[Black "Turvey, Steven"]
[Result "1-0"]
[WhiteElo "1986"]
[BlackElo "1856"]
[PlyCount "85"]
[EventDate "2010.01.16"]
[SourceDate "2009.10.24"]

1. d4 d5 2. c4 e6 3. g3 Nf6 4. Bg2 c6 5. Nf3 Nbd7 6. O-O Bd6 7. Qc2 O-O 8. Nbd2
e5 9. dxe5 Nxe5 10. b3 Re8 11. Bb2 Bg4 12. cxd5 Nxd5 13. a3 Qe7 14. Rfe1 Rad8
15. Nh4 Nf6 16. f4 Ned7 17. e4 Bc5+ 18. Kh1 Bf2 19. Rf1 Qc5 20. Nc4 b5 21. Rxf2
bxc4 22. b4 Qe3 23. e5 Nd5 24. Nf3 g6 25. Re1 Bf5 26. Rxe3 Bxc2 27. Re1 Ba4 28.
Bd4 a6 29. Ng5 f6 30. Ne4 f5 31. Nd6 Re6 32. Nxc4 Rb8 33. Rc1 N7b6 34. Nd6 Nc7
35. h3 Nc8 36. Nc4 Bb5 37. g4 Kf7 38. Kh2 Nd5 39. Kg3 Re7 40. Bc5 Rd7 41. e6+
Kxe6 42. Re2+ Kf6 43. Bd4+ 1-0

[Event "4NCL/Div3/E2E43 vs. CAMB2"]
[Site "Hinckley Island ENG"]
[Date "2010.01.16"]
[Round "3.5"]
[White "Homer, Neil S"]
[Black "Kourtseva, Julie"]
[Result "1/2-1/2"]
[WhiteElo "1754"]
[BlackElo "1706"]
[PlyCount "83"]
[EventDate "2010.01.16"]
[SourceDate "2009.10.24"]

1. Nf3 d5 2. d4 Nf6 3. c4 c6 4. Nc3 a6 5. c5 Nbd7 6. e3 e5 7. Be2 e4 8. Nd2 Be7
9. a3 O-O 10. b4 b5 11. O-O Ne8 12. Nb3 f5 13. f4 exf3 14. Bxf3 Ndf6 15. Bd2
Ne4 16. Nxe4 fxe4 17. Be2 Bf5 18. Bg4 Bxg4 19. Rxf8+ Kxf8 20. Qxg4 Nf6 21. Rf1
Qc8 22. Qxc8+ Rxc8 23. Na5 Bd8 24. Nb7 Bc7 25. Be1 Rb8 26. Nd6 Bxd6 27. cxd6
Ke8 28. h3 Kd7 29. Bg3 Ke6 30. Be5 Rd8 31. Rc1 Kd7 32. Rf1 Ke6 33. Kh2 Rf8 34.
Rc1 Kd7 35. Rc2 Ne8 36. Kg3 Rf7 37. a4 Nxd6 38. Bxd6 Kxd6 39. axb5 cxb5 40. Ra2
Ra7 41. Ra5 Kc6 42. Kf4 1/2-1/2

[Event "4NCL/Div3/AMCAC vs. GUI4"]
[Site "Hinckley Island ENG"]
[Date "2010.01.16"]
[Round "3.1"]
[White "Upham, John E"]
[Black "Deswarte, Ian"]
[Result "1-0"]
[WhiteElo "1730"]
[BlackElo "1900"]
[PlyCount "33"]
[EventDate "2010.01.16"]
[SourceDate "2009.10.24"]

1. d4 Nf6 2. Nf3 g6 3. Nc3 Bg7 4. e4 d6 5. Be3 O-O 6. Qd2 Ng4 7. Bg5 h6 8. h3
Nxf2 9. Qxf2 hxg5 10. Nxg5 c5 11. Qh4 Re8 12. Bc4 e6 13. Qh7+ Kf8 14. Nxf7 Qc7
15. Rf1 Nd7 16. Nxd6+ Nf6 17. Rxf6+ 1-0

[Event "4NCL/Div3/AMCAC vs. GUI4"]
[Site "Hinckley Island ENG"]
[Date "2010.01.16"]
[Round "3.2"]
[White "Johnson, Michael J"]
[Black "Pritchard, Abigail"]
[Result "1/2-1/2"]
[WhiteElo "1858"]
[BlackElo "1658"]
[PlyCount "98"]
[EventDate "2010.01.16"]
[SourceDate "2009.10.24"]

1. e4 c5 2. Nf3 d6 3. Bb5+ Bd7 4. Bxd7+ Qxd7 5. O-O Nc6 6. d3 e6 7. Nc3 Be7 8.
Re1 Nf6 9. Bf4 O-O 10. Bg3 a6 11. e5 dxe5 12. Nxe5 Nxe5 13. Bxe5 Rfd8 14. Qf3
Ne8 15. Qg4 Bf6 16. Qg3 Bxe5 17. Qxe5 Qd6 18. Qg5 h6 19. Qe3 Nf6 20. Ne4 Nxe4
21. Qxe4 Qd5 22. Qxd5 Rxd5 23. Re3 Rc8 24. Kf1 c4 25. dxc4 Rxc4 26. c3 Rc6 27.
Ke2 Rcd6 28. Rb1 Kf8 29. Re4 Ke8 30. a4 Rd2+ 31. Kf3 R6d5 32. g4 h5 33. h3
hxg4+ 34. hxg4 f5 35. gxf5 Rxf5+ 36. Kg3 Rfxf2 37. Rbe1 Rf6 38. R1e2 Rd5 39.
Rg4 Rf7 40. Rb4 Rdd7 41. Rb6 Rf6 42. Re4 Kf7 43. Reb4 Rd3+ 44. Kg4 Rd1 45.
Rxb7+ Kg8 46. Kg3 Rg1+ 47. Kh2 Rg5 48. Rb8+ Kf7 49. Rh4 Rf2+ 1/2-1/2

[Event "4NCL/Div3/AMCAC vs. GUI4"]
[Site "Hinckley Island ENG"]
[Date "2010.01.16"]
[Round "3.5"]
[White "Dixit, Kumar"]
[Black "Ward, Matthew J"]
[Result "0-1"]
[WhiteElo "1418"]
[BlackElo "1669"]
[PlyCount "70"]
[EventDate "2010.01.16"]
[SourceDate "2009.10.24"]

1. Nf3 Nf6 2. d4 e6 3. c4 d5 4. Bg5 c6 5. Nc3 dxc4 6. e3 b5 7. a4 Bb4 8. Qc2
Bb7 9. Be2 O-O 10. O-O a6 11. Ne4 Nbd7 12. Ne5 Be7 13. Nxd7 Nxd7 14. Bxe7 Qxe7
15. f4 c5 16. dxc5 Nxc5 17. Ng5 g6 18. Bf3 Bxf3 19. Nxf3 Nd3 20. Ne1 Qc5 21.
Rf3 Rad8 22. Rd1 Nxe1 23. Rxe1 Rd3 24. Kh1 Rfd8 25. axb5 axb5 26. Qc1 b4 27.
Rff1 c3 28. Re2 Qd5 29. h3 Rd1 30. Rxd1 Qxd1+ 31. Qxd1 Rxd1+ 32. Kh2 Rd2 33.
Re1 c2 34. Rc1 b3 35. Kg3 Rd1 0-1

[Event "4NCL/Div3/3CS vs. WWKS2"]
[Site "Hinckley Island ENG"]
[Date "2010.01.17"]
[Round "4.1"]
[White "Ashton, Adam G"]
[Black "Ingram, Keith R"]
[Result "1/2-1/2"]
[WhiteElo "2319"]
[BlackElo "2114"]
[PlyCount "76"]
[EventDate "2010.01.17"]
[SourceDate "2009.10.24"]

1. e4 e5 2. Nf3 Nc6 3. Bb5 a6 4. Ba4 Nf6 5. O-O Be7 6. Re1 b5 7. Bb3 d6 8. c3
O-O 9. h3 Na5 10. Bc2 c5 11. d4 Nd7 12. Nbd2 cxd4 13. cxd4 Nc6 14. Nb3 a5 15.
Be3 a4 16. Nbd2 exd4 17. Nxd4 Nxd4 18. Bxd4 Bf6 19. Nf1 Bxd4 20. Qxd4 Ne5 21.
f4 Nc6 22. Qf2 Nb4 23. Bb1 Be6 24. a3 Nc6 25. Bd3 Rb8 26. Rad1 Qb6 27. Ne3 b4
28. axb4 Qxb4 29. Rd2 Rfc8 30. Bb1 a3 31. bxa3 Qxa3 32. f5 Bb3 33. f6 Ne5 34.
Nf5 Rc1 35. Kh2 Rxe1 36. Qxe1 Be6 37. Nxg7 Bxh3 38. Qg3 Qxg3+ 1/2-1/2

[Event "4NCL/Div3/3CS vs. WWKS2"]
[Site "Hinckley Island ENG"]
[Date "2010.01.17"]
[Round "4.2"]
[White "Weaving, Richard"]
[Black "Longson, Alexander"]
[Result "1/2-1/2"]
[WhiteElo "2098"]
[BlackElo "2254"]
[PlyCount "68"]
[EventDate "2010.01.17"]
[SourceDate "2009.10.24"]

1. e4 e5 2. Nf3 Nc6 3. d4 exd4 4. Nxd4 Nf6 5. Nxc6 bxc6 6. e5 Qe7 7. Qe2 Nd5 8.
c4 Nb6 9. Nd2 Qe6 10. b3 a5 11. g3 a4 12. Bb2 Bb4 13. Bg2 axb3 14. axb3 Rxa1+
15. Bxa1 O-O 16. O-O f6 17. Nf3 fxe5 18. Qxe5 Qxe5 19. Nxe5 Bb7 20. Bh3 Rd8 21.
Rd1 Bd6 22. Bc3 Bxe5 23. Bxe5 d6 24. Bc3 Kf7 25. Re1 Bc8 26. Bg2 Bd7 27. Ra1
Ra8 28. Rxa8 Nxa8 29. Kf1 Nb6 30. Ke2 c5 31. Be4 g6 32. Ba5 Kf6 33. h4 Be6 34.
Kd3 d5 1/2-1/2

[Event "4NCL/Div3/3CS vs. WWKS2"]
[Site "Hinckley Island ENG"]
[Date "2010.01.17"]
[Round "4.3"]
[White "Jaunooby, Ali Reza"]
[Black "Fallowfield, Jeremy"]
[Result "1-0"]
[WhiteElo "2171"]
[BlackElo "2048"]
[PlyCount "107"]
[EventDate "2010.01.17"]
[SourceDate "2009.10.24"]

1. d4 Nf6 2. c4 c5 3. e3 g6 4. Nc3 Bg7 5. g3 cxd4 6. exd4 d5 7. cxd5 Nxd5 8.
Bg2 e6 9. Nge2 Nc6 10. Nxd5 exd5 11. Qb3 O-O 12. Be3 Qa5+ 13. Qc3 Qxc3+ 14.
bxc3 Be6 15. Rb1 b6 16. Rb5 Ne7 17. Nf4 Bd7 18. Rb3 Bc6 19. O-O Rac8 20. Bc1
Rfd8 21. Re1 Nf5 22. Bd2 Bh6 23. Bh3 Re8 24. Reb1 Rc7 25. R3b2 Rce7 26. Kf1 Rd8
27. Bxf5 gxf5 28. Nh5 Bxd2 29. Rxd2 Rd6 30. Nf4 Bb7 31. Kg2 Rc7 32. Rd3 Rdc6
33. Rc1 b5 34. f3 Ra6 35. Rc2 b4 36. Nh5 Ra3 37. Re3 Bc6 38. Rce2 f6 39. cxb4
Rxe3 40. Rxe3 Bb5 41. g4 fxg4 42. Nxf6+ Kg7 43. Nxg4 Rc2+ 44. Kg3 Rxa2 45. Re7+
Kg6 46. Re6+ Kg7 47. h4 a6 48. h5 Rb2 49. Re7+ Kf8 50. Re5 Bc4 51. Rf5+ Ke7 52.
Rg5 Kf7 53. h6 Bd3 54. Ne5+ 1-0

[Event "4NCL/Div3/3CS vs. WWKS2"]
[Site "Hinckley Island ENG"]
[Date "2010.01.17"]
[Round "4.4"]
[White "Page, Mark E"]
[Black "Bentley, John L"]
[Result "1-0"]
[WhiteElo "1996"]
[BlackElo "2237"]
[PlyCount "71"]
[EventDate "2010.01.17"]
[SourceDate "2009.10.24"]

1. e4 c5 2. Nc3 Nc6 3. g3 g6 4. Bg2 Bg7 5. d3 Nf6 6. f4 d6 7. Nf3 O-O 8. O-O
Rb8 9. h3 b5 10. Be3 b4 11. Ne2 Nd7 12. Rb1 Qa5 13. g4 e6 14. Qe1 d5 15. Qh4
Qd8 16. Qf2 dxe4 17. dxe4 Ba6 18. Rfd1 Qc7 19. e5 f6 20. exf6 Bxf6 21. Ng3 Nd4
22. Ne4 Bg7 23. Nxd4 cxd4 24. Bxd4 e5 25. Bxa7 Rb7 26. Be3 exf4 27. Bd4 Bxd4
28. Qxd4 f3 29. Qd5+ Kh8 30. Qd4+ Ne5 31. Nd6 Qb6 32. Nxb7 Qxd4+ 33. Rxd4 fxg2
34. Rd8 Nf3+ 35. Kxg2 Ne1+ 36. Kg3 1-0

[Event "4NCL/Div3/3CS vs. WWKS2"]
[Site "Hinckley Island ENG"]
[Date "2010.01.17"]
[Round "4.5"]
[White "Burke, Mitchell R"]
[Black "Fallowfield, Nicholas K"]
[Result "1/2-1/2"]
[WhiteElo "1883"]
[BlackElo "2018"]
[PlyCount "65"]
[EventDate "2010.01.17"]
[SourceDate "2009.10.24"]

1. e4 Nf6 2. Nc3 d5 3. exd5 Nxd5 4. Bc4 c6 5. Qf3 Nf6 6. d3 Nbd7 7. Qg3 Nb6 8.
Bb3 Nbd5 9. Nge2 Bf5 10. Nxd5 Nxd5 11. O-O e6 12. Bxd5 cxd5 13. Nd4 Bg6 14. Nb5
Rc8 15. Nxa7 Bd6 16. Bf4 Bxf4 17. Qxf4 Rc5 18. a4 Rxc2 19. Qb4 Qe7 20. Qb5+ Qd7
21. Rfc1 Qxb5 22. Nxb5 Bxd3 23. Rxc2 Bxc2 24. Rc1 Bxa4 25. Rc8+ Ke7 26. Rxh8
Bxb5 27. f3 h6 28. Rb8 Bc6 29. Kf2 e5 30. Ke3 d4+ 31. Kd3 Bd5 32. Rc8 f5 33.
Rc7+ 1/2-1/2

[Event "4NCL/Div3/3CS vs. WWKS2"]
[Site "Hinckley Island ENG"]
[Date "2010.01.17"]
[Round "4.6"]
[White "Goodwin, Ed H"]
[Black "Horton, Jamie A"]
[Result "1-0"]
[WhiteElo "1898"]
[BlackElo "1890"]
[PlyCount "83"]
[EventDate "2010.01.17"]
[SourceDate "2009.10.24"]

1. d4 Nf6 2. c4 e6 3. Nc3 Bb4 4. Nf3 b6 5. Bg5 Bb7 6. e3 O-O 7. Bd3 d5 8. cxd5
exd5 9. O-O Bxc3 10. bxc3 Nbd7 11. Ne5 Qe8 12. Bb5 Qe6 13. Nxd7 Nxd7 14. Qf3
Rac8 15. Bd3 f5 16. Rac1 c5 17. Bf4 c4 18. Bb1 b5 19. Qg3 Rc6 20. f3 Ra6 21.
Rce1 Re8 22. Qg5 Rf8 23. Qg3 Re8 24. Re2 Ra3 25. Qg5 g6 26. Rfe1 Qe7 27. Qxe7
Rxe7 28. Bd6 Rxc3 29. Bxe7 a5 30. e4 fxe4 31. fxe4 b4 32. exd5 Bxd5 33. Bg5 Nf8
34. Re5 Bf7 35. Rxa5 b3 36. axb3 cxb3 37. Ra8 Kg7 38. Rc1 Rxc1+ 39. Bxc1 Ne6
40. Bb2 Ng5 41. d5+ Kh6 42. h4 1-0

[Event "4NCL/Div3/ICENI vs. NOTT1"]
[Site "Hinckley Island ENG"]
[Date "2010.01.17"]
[Round "4.1"]
[White "Savage, Nicholas W"]
[Black "Barnes, Michael H"]
[Result "1/2-1/2"]
[WhiteElo "2058"]
[BlackElo "2247"]
[PlyCount "44"]
[EventDate "2010.01.17"]
[SourceDate "2009.10.24"]

1. d4 Nf6 2. c4 g6 3. Nc3 Bg7 4. e4 d6 5. h3 O-O 6. Nf3 c5 7. d5 a6 8. a4 e6 9.
Bd3 exd5 10. exd5 Re8+ 11. Be3 Bf5 12. O-O Bxd3 13. Qxd3 Nbd7 14. Rfe1 Qc7 15.
Bf4 Rad8 16. Qd2 Nb6 17. b3 Nc8 18. Rxe8+ Rxe8 19. Re1 Qd7 20. Rxe8+ Qxe8 21.
Qe3 Qxe3 22. Bxe3 Ng4 1/2-1/2

[Event "4NCL/Div3/ICENI vs. NOTT1"]
[Site "Hinckley Island ENG"]
[Date "2010.01.17"]
[Round "4.2"]
[White "Richmond, Robert J"]
[Black "Calvert, D Ian"]
[Result "1-0"]
[WhiteElo "2200"]
[BlackElo "2069"]
[PlyCount "91"]
[EventDate "2010.01.17"]
[SourceDate "2009.10.24"]

1. d4 d5 2. c4 c6 3. Nf3 Nf6 4. Nc3 dxc4 5. a4 Bf5 6. e3 e6 7. Bxc4 Bb4 8. O-O
Nbd7 9. Qb3 a5 10. Bd2 O-O 11. h3 Qe7 12. Nh4 Bg6 13. Nxg6 hxg6 14. Rfd1 e5 15.
Ne2 exd4 16. Nxd4 Ne5 17. Be2 c5 18. Nf3 Rac8 19. Nxe5 Qxe5 20. Bc3 Qe7 21.
Bxf6 gxf6 22. Rd5 Rfd8 23. Rad1 Kg7 24. Qc4 Rxd5 25. Qxd5 Rc7 26. Bc4 Qe5 27.
Qxe5 fxe5 28. Rd6 Kf8 29. e4 Ke7 30. Rb6 Kd8 31. b3 Rd7 32. Bd5 Bd2 33. Bxb7 g5
34. Bd5 Ke7 35. Kf1 f6 36. Ke2 Bb4 37. Re6+ Kf7 38. Rxe5+ Kg7 39. Re6 f5 40. f3
fxe4 41. fxe4 Bc3 42. Kd3 Bd4 43. Ra6 Bg1 44. Rxa5 Kf6 45. Ra6+ Ke5 46. g3 1-0

[Event "4NCL/Div3/ICENI vs. NOTT1"]
[Site "Hinckley Island ENG"]
[Date "2010.01.17"]
[Round "4.3"]
[White "Feavyour, John A"]
[Black "Coates, David H"]
[Result "1-0"]
[WhiteElo "2076"]
[BlackElo "2067"]
[PlyCount "82"]
[EventDate "2010.01.17"]
[SourceDate "2009.10.24"]

1. d4 Nf6 2. c4 g6 3. Nc3 Bg7 4. e4 d6 5. f4 O-O 6. Nf3 c5 7. d5 e6 8. Be2 exd5
9. cxd5 Bg4 10. O-O Re8 11. h3 Bxf3 12. Bxf3 a6 13. a4 Nbd7 14. Qc2 c4 15. Be3
Qa5 16. Qf2 Rac8 17. Rae1 Qb4 18. g4 Nc5 19. Bxc5 Qxc5 20. Qxc5 Rxc5 21. e5
dxe5 22. fxe5 Nd7 23. e6 fxe6 24. dxe6 Ne5 25. Bxb7 Rxe6 26. Kg2 Rb6 27. Bd5+
Kh8 28. Re2 Rc8 29. Rfe1 Rcb8 30. Rxe5 Rxb2+ 31. Kg3 Bxe5+ 32. Rxe5 g5 33. Nd1
R8b3+ 34. Ne3 Re2 35. Kf3 Rc2 36. Rxg5 h6 37. Rg8+ Kh7 38. Re8 Rcc3 39. Kf4 Ra3
40. Bg8+ Kg6 41. h4 Rxe3 1-0

[Event "4NCL/Div3/ICENI vs. NOTT1"]
[Site "Hinckley Island ENG"]
[Date "2010.01.17"]
[Round "4.4"]
[White "Levens, David G"]
[Black "Ruthen, Stephen W"]
[Result "1-0"]
[WhiteElo "1986"]
[BlackElo "2093"]
[PlyCount "65"]
[EventDate "2010.01.17"]
[SourceDate "2009.10.24"]

1. e4 e5 2. Nf3 Nc6 3. Bc4 Nf6 4. Ng5 d5 5. exd5 b5 6. Bf1 Nd4 7. c3 Nxd5 8.
Nxf7 Kxf7 9. cxd4 exd4 10. Qf3+ Nf6 11. Bxb5 Be6 12. O-O Rb8 13. a4 Bd5 14. Qd3
c5 15. Na3 Bd6 16. Re1 Qc7 17. h3 a6 18. Bc4 Qc6 19. b3 Rhe8 20. Bb2 Kf8 21.
Bxd5 Qxd5 22. Nc4 Bc7 23. Ba3 Kg8 24. Rac1 Nh5 25. Rxe8+ Rxe8 26. Ne3 Qe5 27.
Qc4+ Kh8 28. Ng4 Qe1+ 29. Rxe1 Rxe1+ 30. Qf1 Rxf1+ 31. Kxf1 Bd6 32. g3 d3 33.
Kg2 1-0

[Event "4NCL/Div3/ICENI vs. NOTT1"]
[Site "Hinckley Island ENG"]
[Date "2010.01.17"]
[Round "4.5"]
[White "Botham, C Paul"]
[Black "Truman, Richard G"]
[Result "1/2-1/2"]
[WhiteElo "2040"]
[BlackElo "2015"]
[PlyCount "55"]
[EventDate "2010.01.17"]
[SourceDate "2009.10.24"]

1. d4 Nf6 2. Nf3 g6 3. Bg5 Bg7 4. Nbd2 d5 5. e3 c5 6. c3 cxd4 7. exd4 O-O 8.
Bd3 Nc6 9. O-O Qc7 10. h3 Nh5 11. Re1 a6 12. Nb3 e5 13. dxe5 Nxe5 14. Nxe5 Bxe5
15. Qf3 Be6 16. Be3 Rad8 17. Nd4 Bc8 18. Rad1 Nf4 19. Bc2 b6 20. Rd2 Bb7 21.
Bb3 Ne6 22. Nxe6 fxe6 23. Qe2 Bg7 24. Bd4 Rde8 25. Bxg7 Kxg7 26. Qe5+ Qxe5 27.
Rxe5 Rf5 28. Rde2 1/2-1/2

[Event "4NCL/Div3/ICENI vs. NOTT1"]
[Site "Hinckley Island ENG"]
[Date "2010.01.17"]
[Round "4.6"]
[White "Kingston, Ian"]
[Black "Donaghay, Richard H"]
[Result "0-1"]
[WhiteElo "1999"]
[BlackElo "1975"]
[PlyCount "100"]
[EventDate "2010.01.17"]
[SourceDate "2009.10.24"]

1. d4 Nf6 2. c4 e5 3. Nc3 exd4 4. Qxd4 Nc6 5. Qd1 Bc5 6. Nf3 Ng4 7. e3 O-O 8.
Be2 Re8 9. O-O d6 10. h3 Nge5 11. Na4 Qf6 12. Nxe5 Nxe5 13. Nxc5 dxc5 14. f4
Nc6 15. Bg4 Be6 16. Bxe6 Rxe6 17. Rb1 Rd8 18. Qe2 Qf5 19. Bd2 Qc2 20. Rfd1 Red6
21. Rbc1 Qxb2 22. Rb1 Qxa2 23. Ra1 Qc2 24. Rac1 Qe4 25. Kf2 b6 26. Bc3 Rd3 27.
Rxd3 Qxd3 28. Qf3 Nb4 29. Qg4 Qg6 30. Rd1 Re8 31. Qd7 Qe4 32. Be5 Qc6 33. Qg4
Qg6 34. Qd7 f6 35. Bxc7 Qf7 36. Qb5 Qe6 37. Qxe8+ Qxe8 38. Rd8 Kf7 39. Rxe8
Kxe8 40. Bb8 Nc6 41. Bd6 Na5 42. Bb8 a6 43. e4 Nxc4 44. g4 Kd7 45. f5 a5 46.
Bg3 a4 47. Ke2 a3 48. Be1 b5 49. Bc3 b4 50. Ba1 b3 0-1

[Event "4NCL/Div3/KJCAK vs. SBS"]
[Site "Hinckley Island ENG"]
[Date "2010.01.17"]
[Round "4.1"]
[White "Jones, William EG"]
[Black "Edgell, Ben P"]
[Result "1/2-1/2"]
[WhiteElo "2084"]
[BlackElo "2100"]
[PlyCount "57"]
[EventDate "2010.01.17"]
[SourceDate "2009.10.24"]

1. e4 e5 2. Nf3 Nc6 3. Bb5 Nf6 4. O-O Nxe4 5. Re1 Nd6 6. Nxe5 Be7 7. Bf1 Nxe5
8. Rxe5 O-O 9. d4 Bf6 10. Re1 Nf5 11. d5 d6 12. Nd2 Nh4 13. Ne4 Bf5 14. g3 Bxe4
15. Rxe4 Ng6 16. Bg2 Re8 17. f4 Rxe4 18. Bxe4 Qe7 19. Bf3 Re8 20. c3 Qd7 21.
Qd3 Re1+ 22. Kf2 Qe8 23. a4 a6 24. b3 Nf8 25. Qd2 Re7 26. b4 a5 27. Ra2 Nd7 28.
Qd3 Nb6 29. b5 1/2-1/2

[Event "4NCL/Div3/KJCAK vs. SBS"]
[Site "Hinckley Island ENG"]
[Date "2010.01.17"]
[Round "4.2"]
[White "Cairns, Stephen"]
[Black "Jones, Victor GL"]
[Result "0-1"]
[WhiteElo "2106"]
[BlackElo "2062"]
[PlyCount "62"]
[EventDate "2010.01.17"]
[SourceDate "2009.10.24"]

1. d4 Nf6 2. c4 e6 3. Nf3 b6 4. g3 Ba6 5. b3 b5 6. Nbd2 Bb4 7. Bg2 bxc4 8. bxc4
Bxc4 9. Qa4 a5 10. a3 Bxd2+ 11. Nxd2 Bd5 12. e4 Bc6 13. Qc2 Bb5 14. Qc5 c6 15.
a4 d6 16. Qc3 Ba6 17. Ba3 O-O 18. Nb3 Re8 19. Nxa5 e5 20. Rd1 Nd5 21. Qd2 exd4
22. Nb3 Nc3 23. Qxd4 Nxd1 24. Kxd1 c5 25. Qd5 Nd7 26. Qxd6 Bc4 27. Kc2 Ra6 28.
Qd1 Qb6 29. Kc3 Rxa4 30. Bxc5 Nxc5 31. Nxc5 Qxc5 0-1

[Event "4NCL/Div3/KJCAK vs. SBS"]
[Site "Hinckley Island ENG"]
[Date "2010.01.17"]
[Round "4.3"]
[White "Lunn, Matthew"]
[Black "Lutton, J Ezra"]
[Result "1/2-1/2"]
[WhiteElo "1905"]
[BlackElo "2098"]
[PlyCount "89"]
[EventDate "2010.01.17"]
[SourceDate "2009.10.24"]

1. d4 Nf6 2. c4 g6 3. Nc3 Bg7 4. e4 d6 5. Nf3 O-O 6. Be2 e5 7. O-O Nc6 8. d5
Ne7 9. b4 a5 10. Ba3 axb4 11. Bxb4 Nd7 12. a4 f5 13. Ng5 Nc5 14. Bxc5 dxc5 15.
Bf3 Ra6 16. Rb1 Kh8 17. Qe2 Nxd5 18. Nxd5 Qxg5 19. Nxc7 Rxa4 20. Nd5 Ra3 21.
Ra1 Rxa1 22. Rxa1 Be6 23. Qe3 Qxe3 24. Nxe3 Rb8 25. Rb1 b6 26. exf5 gxf5 27.
Bc6 Rd8 28. Nd5 Bxd5 29. Bxd5 Rd6 30. Kf1 Bh6 31. Ke2 Rg6 32. g3 Bg5 33. Rb2
Bd8 34. Ra2 Rd6 35. Rb2 Kg7 36. Kf3 Rh6 37. h4 Rd6 38. Rb3 Rd7 39. Be6 Rd4 40.
Bd5 Kf6 41. Ra3 b5 42. Ra6+ Kg7 43. Ra7+ Kf6 44. Ra6+ Kg7 45. Ra7+ 1/2-1/2

[Event "4NCL/Div3/KJCAK vs. SBS"]
[Site "Hinckley Island ENG"]
[Date "2010.01.17"]
[Round "4.4"]
[White "Makepeace, Philip J"]
[Black "Bayliss, Lyall CP"]
[Result "1/2-1/2"]
[WhiteElo "2042"]
[BlackElo "1960"]
[PlyCount "117"]
[EventDate "2010.01.17"]
[SourceDate "2009.10.24"]

1. e4 e5 2. Nf3 Nc6 3. d4 exd4 4. Nxd4 Nf6 5. Nxc6 bxc6 6. Bd3 d5 7. exd5 cxd5
8. O-O Be7 9. b3 O-O 10. Bb2 Bg4 11. Qd2 Bd6 12. Qg5 h6 13. Qh4 Be6 14. Bxf6
Qxf6 15. Qxf6 gxf6 16. f4 Kh8 17. Nd2 Rg8 18. f5 Bd7 19. Rf3 Rg5 20. Re1 Rag8
21. Re2 Bc6 22. Rh3 Bc5+ 23. Kf1 Kh7 24. Nf3 Rg4 25. c3 R8g7 26. b4 Bb6 27. b5
Bb7 28. Bc2 Rf4 29. Rd2 Rg8 30. Bb3 c6 31. a4 cxb5 32. axb5 Rc8 33. Rd3 Rxf5
34. Ke2 Re8+ 35. Kd1 Rf4 36. Bc2 Kg7 37. g3 Rf5 38. Kc1 d4 39. g4 Rf4 40. Nh4
Be4 41. Rd1 Bxc2 42. Kxc2 Rxg4 43. cxd4 Rc8+ 44. Kb3 Rg5 45. Kb4 Bc7 46. Rf1
Bd6+ 47. Ka5 Bf8 48. Nf5+ Kh7 49. Ne3 Rc3 50. Ra1 Rb3 51. Ka6 Rgxb5 52. Nd5
Rxh3 53. Kxb5 Rxh2 54. Nxf6+ Kg6 55. Nd7 Bg7 56. Ra6+ Kf5 57. d5 Rc2 58. Rxa7
Bd4 59. Ra6 1/2-1/2

[Event "4NCL/Div3/KJCAK vs. SBS"]
[Site "Hinckley Island ENG"]
[Date "2010.01.17"]
[Round "4.5"]
[White "Maguire, Robert"]
[Black "Healey, Michael W"]
[Result "1-0"]
[WhiteElo "1825"]
[BlackElo "2016"]
[PlyCount "113"]
[EventDate "2010.01.17"]
[SourceDate "2009.10.24"]

1. e4 e5 2. Nf3 Nc6 3. Bb5 a6 4. Ba4 Nf6 5. O-O Be7 6. Re1 b5 7. Bb3 d6 8. h3
O-O 9. c3 Bb7 10. d4 Na5 11. Bc2 c5 12. d5 Nc4 13. b3 Nb6 14. Nbd2 h6 15. Nf1
Nh7 16. Ng3 Bc8 17. Be3 Ng5 18. Nxg5 Bxg5 19. Bxg5 Qxg5 20. Re3 Kh8 21. Rf3 c4
22. Nf5 Bxf5 23. Rxf5 Qe7 24. Qd2 Kh7 25. Rh5 Rfc8 26. Bd1 cxb3 27. axb3 Rc5
28. Bg4 Kg8 29. Re1 Qf8 30. Re3 g6 31. Rh4 Kh7 32. Rf3 Rc7 33. Qe3 Nc8 34. Qg5
a5 35. Be6 Qg7 36. Bxf7 a4 37. bxa4 bxa4 38. Rf6 Ne7 39. Be6 Rf8 40. Rxh6+ Qxh6
41. Qxh6+ Kxh6 42. Rxf8 Nc8 43. Bxc8 Ra7 44. Ba6 Rxa6 45. Rb8 a3 46. Rb1 Kg5
47. g3 Ra4 48. Ra1 Rxe4 49. Rxa3 Rc4 50. Ra6 Rxc3 51. Rxd6 Kf5 52. Kg2 e4 53.
Rd8 e3 54. Rf8+ Kg5 55. fxe3 Rxe3 56. h4+ Kh6 57. Rf3 1-0

[Event "4NCL/Div3/KJCAK vs. SBS"]
[Site "Hinckley Island ENG"]
[Date "2010.01.17"]
[Round "4.6"]
[White "Harley-Yeo, Gareth"]
[Black "Jones, Laurence AG"]
[Result "1-0"]
[WhiteElo "2059"]
[BlackElo "1747"]
[PlyCount "73"]
[EventDate "2010.01.17"]
[SourceDate "2009.10.24"]

1. d4 Nf6 2. c4 e6 3. Nc3 Bb4 4. f3 c5 5. d5 exd5 6. cxd5 d6 7. e4 Nbd7 8. Nh3
Ne5 9. Nf2 Bd7 10. Be2 a6 11. O-O b5 12. a3 Ba5 13. Na2 Rc8 14. f4 Ng6 15. b4
Bb6 16. bxc5 Bxc5 17. Bf3 O-O 18. Nb4 Qb6 19. Ra2 h5 20. Kh1 Bxf2 21. Raxf2 Ng4
22. Bxg4 Bxg4 23. Qd2 Bd7 24. Bb2 Rc4 25. f5 Ne5 26. f6 Ng4 27. Qg5 g6 28. Rf3
Kh7 29. h3 Rxe4 30. Bc1 Re5 31. Qd2 g5 32. hxg4 hxg4 33. Qd3+ Kh6 34. R3f2 Rh8
35. g3 Bf5 36. Rxf5 Kg6+ 37. Kg2 1-0

[Event "4NCL/Div3/FPONTY vs. WES2"]
[Site "Hinckley Island ENG"]
[Date "2010.01.17"]
[Round "4.1"]
[White "Gilbert, Jonathan A"]
[Black "Tunks, Dominic"]
[Result "1-0"]
[WhiteElo "2058"]
[BlackElo "2076"]
[PlyCount "75"]
[EventDate "2010.01.17"]
[SourceDate "2009.10.24"]

1. e4 d6 2. d4 Nf6 3. Nc3 c6 4. f4 Bg4 5. Nf3 Qb6 6. Be2 e6 7. h3 Bxf3 8. Bxf3
d5 9. O-O Be7 10. Kh1 g6 11. Qd3 h5 12. Ne2 Nbd7 13. a4 a5 14. b3 dxe4 15. Bxe4
Nxe4 16. Qxe4 O-O-O 17. Bd2 Nf6 18. Qf3 h4 19. Rfb1 Rh5 20. c3 Rf5 21. Qd3 Rd7
22. b4 axb4 23. cxb4 Nh5 24. b5 Kb8 25. a5 Qc7 26. b6 Qd8 27. a6 Bc5 28. axb7
Rxb7 29. Qa6 Bxb6 30. Ba5 Rb5 31. Rxb5 cxb5 32. Bxb6 Qxb6 33. Qa8+ Kc7 34. Rc1+
Kd6 35. Qf8+ Kd5 36. Nc3+ Kxd4 37. Qb4+ Kd3 38. Qe4+ 1-0

[Event "4NCL/Div3/FPONTY vs. WES2"]
[Site "Hinckley Island ENG"]
[Date "2010.01.17"]
[Round "4.2"]
[White "Jenks, Bruce"]
[Black "Sully, David J"]
[Result "1-0"]
[WhiteElo "2127"]
[BlackElo "2119"]
[PlyCount "85"]
[EventDate "2010.01.17"]
[SourceDate "2009.10.24"]

1. c4 c5 2. Nf3 Nf6 3. Nc3 e6 4. g3 b6 5. Bg2 Bb7 6. O-O Be7 7. Re1 d6 8. b3
O-O 9. Bb2 a6 10. d4 cxd4 11. Qxd4 Nc6 12. Qf4 Qc7 13. Rac1 Ne5 14. Red1 Ng6
15. Qd4 Qc5 16. Na4 Qxd4 17. Nxd4 Rab8 18. Nc6 Bxc6 19. Bxc6 Rfc8 20. Bg2 Nd7
21. Nc3 b5 22. cxb5 axb5 23. e4 b4 24. Na4 Ngf8 25. Bd4 e5 26. Ba7 Ra8 27. Be3
Ne6 28. Bh3 Nf6 29. f3 h6 30. Kf2 Rxc1 31. Rxc1 Ng5 32. Rc8+ Rxc8 33. Bxc8 d5
34. h4 Ne6 35. exd5 Nxd5 36. Bxe6 fxe6 37. Ke2 Kf7 38. Kd3 Ke8 39. Bc5 Bxc5 40.
Nxc5 Ke7 41. Kc4 Nc3 42. a4 Ne2 43. a5 1-0

[Event "4NCL/Div3/FPONTY vs. WES2"]
[Site "Hinckley Island ENG"]
[Date "2010.01.17"]
[Round "4.3"]
[White "Miles, Richard"]
[Black "Pleasants, Allan J"]
[Result "1/2-1/2"]
[WhiteElo "2074"]
[BlackElo "2079"]
[PlyCount "65"]
[EventDate "2010.01.17"]
[SourceDate "2009.10.24"]

1. Nf3 g6 2. d4 Nf6 3. c4 Bg7 4. Nc3 d5 5. Bg5 Ne4 6. cxd5 Nxc3 7. bxc3 Qxd5 8.
e3 Bg4 9. Be2 Nd7 10. Bf4 O-O 11. O-O c5 12. h3 Bf5 13. c4 Qc6 14. Rc1 h6 15.
Qb3 g5 16. Bg3 b6 17. d5 Qg6 18. Rfd1 a5 19. a4 Qf6 20. Ne1 Qb2 21. Qxb2 Bxb2
22. Rb1 Bxb1 23. Rxb1 Bc3 24. Nd3 Bb4 25. e4 Ra7 26. Bg4 Re8 27. Rd1 Kg7 28.
Ne5 Nf6 29. Nc6 Rb7 30. Bf3 Bc3 31. Rd3 Bb4 32. Be5 Kg6 33. Bb2 1/2-1/2